000 00722nam a2200241 4500
003 OSt
005 20260601171001.0
008 260417b2004\\\\mx\a||||\||||\00|\0\Spa\d
020 _a9685852022
040 _aICI
_bSpa
_cICI
050 _aNC42
_bT36
100 1 _aAlejandro Tapia
_931513
245 1 _aEl diseño gráfico en el espacio social /
_cAlejandro Tapia
264 _bEditorial designio
_c2004
_aMéxico, D.F. :
300 _a 249 páginas
_b ilustraciones
336 _atexto
_2rdacontent
337 _asin medio
_2rdamedia
338 _avolumen
_2rdacarrier
490 _aTeoría y practica
650 _a Artes gráficas
_xAspectos sociales
_931514
650 _aComunicación en diseño
942 _2ddc
_cB
999 _c20096
_d20096